MARC details
| 000 -LEADER |
| fixed length control field |
03479cam a2200469 4500 |
| 001 - CONTROL NUMBER |
| control field |
##L130358 |
| 008 - FIXED-LENGTH DATA ELEMENTS--GENERAL INFORMATION |
| fixed length control field |
050720n2005 000 0 eng u |
| 020 ## - INTERNATIONAL STANDARD BOOK NUMBER |
| International Standard Book Number |
0727733826 |
| 035 ## - SYSTEM CONTROL NUMBER |
| System control number |
(Sirsi) u130358 |
| 041 0# - LANGUAGE CODE |
| Language code of text/sound track or separate title |
eng |
| 050 04 - LIBRARY OF CONGRESS CALL NUMBER |
| Classification number |
624.08 $2 18 |
| 110 2# - MAIN ENTRY--CORPORATE NAME |
| Corporate name or jurisdiction name as entry element |
Institution of Civil Engineers |
| 9 (RLIN) |
1402 |
| 240 00 - UNIFORM TITLE |
| Uniform title |
New engineering contract |
| 245 ## - TITLE STATEMENT |
| Title |
NEC3 |
| 250 ## - EDITION STATEMENT |
| Edition statement |
3rd ed. |
| 260 ## - PUBLICATION, DISTRIBUTION, ETC. |
| Place of publication, distribution, etc. |
London |
| Name of publisher, distributor, etc. |
Thomas Telford |
| Date of publication, distribution, etc. |
2005 |
| 300 ## - PHYSICAL DESCRIPTION |
| Extent |
1 |
| Type of unit |
boxed set |
| Dimensions |
30cm. |
| 350 ## - PRICE (NR) (BK AM CF MU VM SE) [OBSOLETE] |
| Price |
275 |
| 490 ## - SERIES STATEMENT |
| Series statement |
New Engineering Contract (Third Edition) |
| 505 0# - FORMATTED CONTENTS NOTE |
| Formatted contents note |
Engineering and Construction Contract -- Engineering and Construction Contract: Option A - Priced Contract with Activity Schedule -- Engineering and Construction Contract: Option B - Priced Content with Bills of Quantities -- Engineering and Construction Contract: Option C - Target Contract with Activity Schedule - Engineering and Construction Contract: Option D - Target Contract With Bill of Quantities -- Engineering and Construction Contract: Option E - Cost Reimbursable Contract -- Engineering and Construction Contract: Option F - Management Contract -- Guidance notes for the engineering and construction contract -- Flow charts for the engineering and construction contract -- Engineering and Construction Subcontract -- Engineering and Construction Short Subcontract -- Professional Services Contract -- Guidance notes and flow charts for the professional services contract -- Engineering and Construction Short Contract -- Guidance notes and flow charts for the engineering and construction short contract -- Adjudicator's Contract -- Guidance notes and flow charts for the adjudicator's contract -- Term Service Contract -- Guidance notes for the term service contract -- Flow charts for the term service contract -- Framework Contract -- Guidance notes for the framework contract -- Procurement and contract strategies |
| 520 ## - SUMMARY, ETC. |
| Summary, etc. |
An updated suite of engineering and construction contracts and associated guidance and flowcharts, which includes new term service and framework contracts and guidance on procurement and contract strategies. |
| 520 ## - SUMMARY, ETC. |
| Summary, etc. |
Supersedes second edition (ISBN 0727720813). |
| 590 ## - LOCAL NOTE (RLIN) |
| Local note |
IKA111005 |
| 650 24 - SUBJECT ADDED ENTRY--TOPICAL TERM |
| Topical term or geographic name entry element |
NEW ENGINEERING CONTRACT (THIRD EDITION) |
| 650 24 - SUBJECT ADDED ENTRY--TOPICAL TERM |
| Topical term or geographic name entry element |
NEC ENGINEERING AND CONSTRUCTION CONTRACT (THIRD EDITION) |
| 650 24 - SUBJECT ADDED ENTRY--TOPICAL TERM |
| Topical term or geographic name entry element |
NEC ENGINEERING AND CONSTRUCTION CONTRACT: OPTION A (THIRD EDITION) |
| 650 24 - SUBJECT ADDED ENTRY--TOPICAL TERM |
| Topical term or geographic name entry element |
NEC ENGINEERING AND CONSTRUCTION CONTRACT: OPTION B (THIRD EDITION) |
| 650 24 - SUBJECT ADDED ENTRY--TOPICAL TERM |
| Topical term or geographic name entry element |
NEC ENGINEERING AND CONSTRUCTION CONTRACT: OPTION C (THIRD EDITION) |
| 650 24 - SUBJECT ADDED ENTRY--TOPICAL TERM |
| Topical term or geographic name entry element |
NEC ENGINEERING AND CONSTRUCTION CONTRACT: OPTION D (THIRD EDITION) |
| 650 24 - SUBJECT ADDED ENTRY--TOPICAL TERM |
| Topical term or geographic name entry element |
NEC ENGINEERING AND CONSTRUCTION CONTRACT: OPTION E (THIRD EDITION) |
| 650 24 - SUBJECT ADDED ENTRY--TOPICAL TERM |
| Topical term or geographic name entry element |
NEC ENGINEERING AND CONSTRUCTION CONTRACT: OPTION F (THIRD EDITION) |
| 650 24 - SUBJECT ADDED ENTRY--TOPICAL TERM |
| Topical term or geographic name entry element |
NEC ENGINEERING AND CONSTRUCTION SUBCONTRACT (THIRD EDITION) |
| 650 24 - SUBJECT ADDED ENTRY--TOPICAL TERM |
| Topical term or geographic name entry element |
NEC PROFESSIONAL SERVICES CONTRACT (THIRD EDITION) |
| 650 24 - SUBJECT ADDED ENTRY--TOPICAL TERM |
| Topical term or geographic name entry element |
NEC ENGINEERING AND CONSTRUCTION SHORT CONTRACT (SECOND EDITION) |
| 650 24 - SUBJECT ADDED ENTRY--TOPICAL TERM |
| Topical term or geographic name entry element |
NEC ENGINEERING AND CONSTRUCTION SHORT SUBCONTRACT (THIRD EDITION) |
| 650 24 - SUBJECT ADDED ENTRY--TOPICAL TERM |
| Topical term or geographic name entry element |
NEC ADJUDICATOR'S CONTRACT (THIRD EDITION) |
| 650 24 - SUBJECT ADDED ENTRY--TOPICAL TERM |
| Topical term or geographic name entry element |
NEC TERM SERVICE CONTRACT (FIRST EDITION) |
| 650 24 - SUBJECT ADDED ENTRY--TOPICAL TERM |
| Topical term or geographic name entry element |
NEC FRAMEWORK CONTRACT (FIRST EDITION) |
| 690 ## - LOCAL SUBJECT ADDED ENTRY--TOPICAL TERM (OCLC, RLIN) |
| Topical term or geographic name as entry element |
BUILT ENVIRONMENT-BUILDING CONTRACT FORMS-STANDARD FORMS OF BUILDING CONTRACT-NEW ENGINEERING CONTRACT CONTRACTS |
| 942 ## - ADDED ENTRY ELEMENTS (KOHA) |
| Suppress in OPAC |
0 |